<?xml version="1.0" encoding="UTF-8"?>
<record
    xmlns:xsi="http://www.w3.org/2001/XMLSchema-instance"
    xsi:schemaLocation="http://www.loc.gov/MARC21/slim http://www.loc.gov/standards/marcxml/schema/MARC21slim.xsd"
    xmlns="http://www.loc.gov/MARC21/slim">

  <leader>01320nab a22002417a 4500</leader>
  <datafield tag="999" ind1=" " ind2=" ">
    <subfield code="c">5760</subfield>
    <subfield code="d">5760</subfield>
  </datafield>
  <controlfield tag="003">OSt</controlfield>
  <controlfield tag="005">20260105150342.0</controlfield>
  <controlfield tag="008">190514b        xxu||||| |||| 00| 0 spa d</controlfield>
  <datafield tag="040" ind1=" " ind2=" ">
    <subfield code="c">PJ</subfield>
  </datafield>
  <datafield tag="100" ind1=" " ind2=" ">
    <subfield code="9">6674</subfield>
    <subfield code="a">Corleta, Natalia Daniela </subfield>
  </datafield>
  <datafield tag="245" ind1="1" ind2="0">
    <subfield code="a">Un fallo para repensar la interpretaci&#xF3;n del art. 700 bis del C&#xF3;digo Civil y Comercial /</subfield>
    <subfield code="c">Natalia Daniela Corleta.</subfield>
  </datafield>
  <datafield tag="300" ind1=" " ind2=" ">
    <subfield code="a">p. 127-133</subfield>
  </datafield>
  <datafield tag="500" ind1=" " ind2=" ">
    <subfield code="a">Cita: TR LALEY AR/DOC/869/2025.</subfield>
  </datafield>
  <datafield tag="505" ind1=" " ind2=" ">
    <subfield code="a">Sumario: I. Introducci&#xF3;n.&#x2014; II. Breve descripci&#xF3;n de los hechos del fallo de an&#xE1;lisis.&#x2014; III. La interseccionalidad como fundamento para el fallo.&#x2014; IV. La reinterpretaci&#xF3;n del inc. b) del art. 700 bis C&#xF3;d. Civ. y Com.&#x2014; V. Conclusi&#xF3;n. </subfield>
  </datafield>
  <datafield tag="505" ind1=" " ind2=" ">
    <subfield code="t">Fallo comentado:  JFam. 1a Nom., Catamarca ~ 18/10/2024 ~ A., M. V. c. C. V., F. M. s/ privaci&#xF3;n de la responsabilidad parental y supresi&#xF3;n de apellido.</subfield>
  </datafield>
  <datafield tag="650" ind1=" " ind2="0">
    <subfield code="9">967</subfield>
    <subfield code="a">DERECHO DE FAMILIA</subfield>
  </datafield>
  <datafield tag="650" ind1=" " ind2="0">
    <subfield code="9">2741</subfield>
    <subfield code="a">DERECHOS DE LAS NI&#xD1;AS, NI&#xD1;OS Y ADOLESCENTES</subfield>
  </datafield>
  <datafield tag="650" ind1=" " ind2="0">
    <subfield code="9">4097</subfield>
    <subfield code="a">INTERES SUPERIOR DEL NI&#xD1;O</subfield>
  </datafield>
  <datafield tag="650" ind1=" " ind2="0">
    <subfield code="9">6356</subfield>
    <subfield code="a">PRIVACION DE LA RESPONSABILIDAD PARENTAL</subfield>
  </datafield>
  <datafield tag="650" ind1=" " ind2="0">
    <subfield code="9">1057</subfield>
    <subfield code="a">JURISPRUDENCIA APLICABLE</subfield>
  </datafield>
  <datafield tag="773" ind1="0" ind2=" ">
    <subfield code="0">2844</subfield>
    <subfield code="9">3222</subfield>
    <subfield code="d">Buenos Aires : AbeledoPerrot, 1989-</subfield>
    <subfield code="t">Derecho de familia. Revista Interdisciplinaria de doctrina y jurisprudencia. Junio 2025-III.</subfield>
    <subfield code="z">18511201</subfield>
  </datafield>
  <datafield tag="942" ind1=" " ind2=" ">
    <subfield code="2">udc</subfield>
    <subfield code="c">ANA</subfield>
  </datafield>
</record>
